000 00538cam a2200205 a 4500
020 _a007230474X (acidfree paper)
020 _a9780072304749 (acidfree paper)
020 _a0070592462 (v. 1)
020 _a9780070592469 (v. 1)
040 _cBRL
082 _a515 HIL 2000 A109 Or.
100 1 _aSmith, Robert T.
245 1 0 _aCalculus /
250 _aPremiere ed.
260 _aBoston :
_bMcGraw-Hill,
_cc2000.
300 _axvi, 1115 p. :
_bill. ;
_c28 cm.
650 0 _aCalculus.
700 1 _aMinton, Roland B.,
942 _cEK
999 _c16623
_d16623